Cuestión social y la formación profesional en Trabajo Social en el contexto de las nuevas relaciones de poder y la diversidad latinoamericana.
Guardado en:
| Autor principal: | |
|---|---|
| Formato: | Desconocido |
| Publicado: |
Buenos Aires, Argentina:
Espacio,
2004.
|
| Edición: | 1ª edición |
| Colección: | Ciencias Sociales
|
| Materias: | |
| Etiquetas: |
Agregar Etiqueta
Sin Etiquetas, Sea el primero en etiquetar este registro!
|
MARC
| LEADER | 00000 a2200000 4500 | ||
|---|---|---|---|
| 003 | CL-VaPUC | ||
| 005 | 20230111172155.0 | ||
| 008 | 221219t2004 ||||| |||| 00| 0 eng d | ||
| 999 | |c 439086 |d 439084 | ||
| 020 | |a 950-802-183-7 | ||
| 040 | |c Pontificia Universidad Católica de Valparaíso | ||
| 082 | |a 361.3 MOL 2004 | ||
| 100 | |a Molina Molina, María Lorena |e autora |9 877403 | ||
| 245 | |a Cuestión social y la formación profesional en Trabajo Social en el contexto de las nuevas relaciones de poder y la diversidad latinoamericana. | ||
| 250 | |a 1ª edición | ||
| 260 | |a Buenos Aires, Argentina: |b Espacio, |c 2004. | ||
| 300 | |a 350 páginas. | ||
| 490 | |a Ciencias Sociales | ||
| 583 | |k GC |c 20221219 | ||
| 611 | |a XVIII Seminario Latinoamericano de escuelas de Trabajo Social. |c San José, Costa Rica. |d Julio 2004. |9 879436 | ||
| 650 | |a Trabajo social |z America latina |9 879582 | ||
| 942 | |2 ddc |c BK | ||
| 952 | |0 0 |1 0 |2 ddc |4 0 |6 361_300000000000000_MOL_2004 |7 0 |8 A |9 588331 |a BIBGIM |b BIBGIM |c GEN |d 2022-12-19 |e 3 |g 14633.00 |i 5656121 |o 361.3 MOL 2004 |p 5656121 |r 2025-01-15 |t 3 |v 14633.00 |w 2022-12-19 |y BK |k SSL | ||
| 952 | |0 0 |1 0 |2 ddc |4 0 |6 361_300000000000000_MOL_2004 |7 0 |8 A |9 588332 |a BIBGIM |b BIBGIM |c GEN |d 2022-12-19 |e 3 |g 14633.00 |i 5656123 |o 361.3 MOL 2004 |p 5656123 |r 2025-01-15 |t 5 |v 14633.00 |w 2022-12-19 |y BK |k SSL | ||
| 952 | |0 0 |1 0 |2 ddc |4 0 |6 361_300000000000000_MOL_2004 |7 0 |8 A |9 588333 |a BIBGIM |b BIBGIM |c GEN |d 2022-12-19 |e 3 |g 14633.00 |i 5656122 |o 361.3 MOL 2004 |p 5656122 |r 2025-01-15 |t 4 |v 14633.00 |w 2022-12-19 |y BK |k SSL | ||
| 952 | |0 0 |1 0 |2 ddc |4 0 |6 361_300000000000000_MOL_2004 |7 0 |8 A |9 588334 |a BIBGIM |b BIBGIM |c GEN |d 2022-12-19 |e 3 |g 14633.00 |i 5656120 |o 361.3 MOL 2004 |p 5656120 |r 2025-01-15 |t 2 |v 14633.00 |w 2022-12-19 |y BK |k SSL | ||
| 952 | |0 0 |1 0 |2 ddc |4 0 |6 361_300000000000000_MOL_2004 |7 0 |8 A |9 588335 |a BIBGIM |b BIBGIM |c GEN |d 2022-12-19 |e 3 |g 14633.00 |i 5656119 |o 361.3 MOL 2004 |p 5656119 |r 2025-01-15 |t 1 |v 14633.00 |w 2022-12-19 |y BK |k SSL | ||